ბათუმის შოთა რუსთაველის სახელმწიფო უნივერსიტეტის ბიბლიოთეკა

საკურსო სამუშაოების მოცემულობათა კრებული თეორიულ მექანიკაში. / (ბიბ.ჩანაწერი № 38546)

000 -ლიდერი
ფიქსირებული სიგრძის საკონტროლო ველი 01184nam a2200253Ia 4500
001 - საკონტროლო ნომერი
საკონტროლო ველი 4647
003 - საკონტროლო ნომრის იდენტიფიკატორი
საკონტროლო ველი GE_BSU
005 - ბოლო ოპერაციის თარიღი და დრო
საკონტროლო ველი 20190516201926.0
008 - ფიქსირებული სიგრძის მონაცემთა ელემენტები - ზოგადი ინფორმაცია
ფიქსირებული სიგრძის საკონტროლო ველი 181216s1978|||| |||||||||||||| ||geo||
040 ## - კატალოგიზაციის წყარო
Transcribing agency GE_BSU
041 ## - ენის კოდი
Language code of text/sound track or separate title geo
080 ## - უნივერსალური ათობითი კლასიფიკაციის ინდექსი
Universal Decimal Classification number 531.1(07) ს–19
100 ## - მთავარი ჩანაწერი - პიროვნების სახელი
Personal name იაბლონსკი, ა.
9 (RLIN) 1278
245 ## - ცნობა სათაურის შესახებ
Title საკურსო სამუშაოების მოცემულობათა კრებული თეორიულ მექანიკაში. /
Statement of responsibility, etc ა.იაბლონსკი ; ს. ნორეიკო ; ს. ვოლფსონი ; რედ : ლ. მაღულარია.
250 ## - გამოცემის ცნობა
Edition statement თარგმ. მეორე შევს. და გადამუშ. გამოც.
264 ## - წარმოების, გამოცემის, დისტრიბუციის და სხვა ცნობები
გამოცემის, წარმოების, დისტრიბუციის... ადგილი თბილისი .:
გამოცემის, წარმოების, დისტრიბუციის... სახელწოდება განათლება,
გამოცემის, წარმოების, დისტრიბუციის... თარიღი 1978.
300 ## - ფიზიკური აღწერა
Extent 468 გვ. :
Dimensions 22 სმ.
653 ## - INDEX TERM--UNCONTROLLED
Uncontrolled term თეორიული მექანიკა.
653 ## - INDEX TERM--UNCONTROLLED
Uncontrolled term ფიზიკა
700 ## - ADDED ENTRY--PERSONAL NAME
Personal name ნორეიკო, ს
9 (RLIN) 1279
700 ## - ADDED ENTRY--PERSONAL NAME
Personal name ვოლფსონი, ს
9 (RLIN) 1280
700 ## - ADDED ENTRY--PERSONAL NAME
Personal name მაღულარია, ლ
Relator term რედაქტორი
9 (RLIN) 1281
942 ## - ADDED ENTRY ELEMENTS (KOHA)
Koha item type წიგნი
Source of classification or shelving scheme
ეგზემპლარები
ჩამოწერის სტატუსი დაკარგული ეგზემპლარის სტატუსი კლასიფიკაციის წყარო ან თაროზე გაწყობის სქემა დაზიანების სტატუსი არ გაიცემა მუდმივი მდებარეობა (დაცვის ადგილი) ამჟამინდელი ადგილსამყოფელი თაროზე განთავსების ადგილი შეძენის თარიღი ღირებულება, შესყიდვის ნორმალური ფასი სრული შენახვის შიფრი შტრიხკოდი ბოლო ოპერაციის თარიღი ეგზემპლარის მიმდევრობითი ნომერი (კეტერი?) ფასის ძალაში შესვლის თარიღი ეგზემპლარის სახეობა საჯარო შენიშვნა
          ტექნოლოგიური ფაკულტეტის ბიბლიოთეკა ტექნოლოგიური ფაკულტეტის ბიბლიოთეკა წიგნსაცავი 2018-12-17 1.00 531.1(07) ს–19 8648 2018-12-17 8648 2018-12-17 წიგნი 1 ლ.80თ.
          ტექნოლოგიური ფაკულტეტის ბიბლიოთეკა ტექნოლოგიური ფაკულტეტის ბიბლიოთეკა წიგნსაცავი 2018-12-17 1.00 531.1(07) ს–19 8649 2018-12-17 8649 2018-12-17 წიგნი 1 ლ.80 თ.
          ტექნოლოგიური ფაკულტეტის ბიბლიოთეკა ტექნოლოგიური ფაკულტეტის ბიბლიოთეკა წიგნსაცავი 2018-12-17 1.00 531.1(07) ს–19 8650 2018-12-17 8650 2018-12-17 წიგნი 1 ლ.80 თ.